[Event "Hessische EM 2010, D-Turnier"]
[Site "Bad Vilbel"]
[Date "2010.04.03"]
[Round "4"]
[White "Kempf, Alexander"]
[Black "Gertz, Berthold"]
[Result "0-1"]
[WhiteElo "1793"]
[BlackElo "1953"]
[PlyCount "58"]
[EventDate "2010.??.??"]

1. e4 c5 2. Nf3 d6 3. d4 cxd4 4. Nxd4 Nf6 5. Nc3 a6 6. Bc4 b5 7. Bb3 Bb7 8. f3
e6 9. Be3 Be7 10. Bxe6 fxe6 11. Nxe6 Qd7 12. Nxg7+ Kf7 13. Nf5 b4 14. Ne2 d5
15. Nh6+ Kf8 16. e5 Ng8 17. Nd4 Nxh6 18. Bxh6+ Ke8 19. f4 Nc6 20. Rf1 Nxd4 21.
Qxd4 Qf5 22. O-O-O Rc8 23. Rf2 Bc5 24. Qd2 Bxf2 25. Qxf2 Rg8 26. h3 Rg6 27. g4
Qe4 28. Bg5 Rxc2+ 29. Qxc2 Rc6 0-1

[Event "Hessische EM 2010, D-Turnier"]
[Site "Bad Vilbel"]
[Date "2010.04.03"]
[Round "4"]
[White "Rennhack, Peer"]
[Black "Waschke, Thomas"]
[Result "1-0"]
[WhiteElo "1674"]
[BlackElo "1612"]
[PlyCount "63"]
[EventDate "2010.??.??"]

1. e4 e5 2. Nf3 Nc6 3. Bb5 a6 4. Ba4 Nf6 5. O-O b5 6. Bb3 Be7 7. Re1 O-O 8. c3
Bb7 9. d4 d6 10. Nbd2 h6 11. Nf1 Na5 12. Bc2 exd4 13. cxd4 c5 14. d5 Nc4 15.
Ng3 Bc8 16. b3 Ne5 17. Nxe5 dxe5 18. f4 Bd6 19. f5 Bd7 20. Kh1 Rc8 21. a4 b4
22. Bd3 a5 23. Rf1 Qe7 24. Nh5 Nxh5 25. Qxh5 f6 26. Rf3 Be8 27. Qg4 Kh7 28. Rh3
Rg8 29. Bb5 Qf7 30. Be2 Bf8 31. d6 Rd8 32. Bc4 1-0

[Event "Hessische EM 2010, D-Turnier"]
[Site "Bad Vilbel"]
[Date "2010.04.03"]
[Round "4"]
[White "Pelda, Jaromir"]
[Black "Koch, Thomas"]
[Result "1/2-1/2"]
[WhiteElo "1640"]
[BlackElo "1567"]
[PlyCount "29"]
[EventDate "2010.??.??"]

1. e4 e6 2. d4 d5 3. e5 c5 4. c3 Nc6 5. Nf3 Qb6 6. Be2 Nh6 7. O-O cxd4 8. cxd4
Nf5 9. Nc3 Ncxd4 10. Nxd4 Nxd4 11. Be3 Nxe2+ 12. Qxe2 d4 13. Qb5+ Bd7 14. Qxb6
axb6 15. Bxd4 1/2-1/2

[Event "Hessische EM 2010, D-Turnier"]
[Site "Bad Vilbel"]
[Date "2010.04.03"]
[Round "4"]
[White "Bender, Sebastian"]
[Black "Minarsch, Hans"]
[Result "1-0"]
[WhiteElo "1871"]
[BlackElo "1574"]
[PlyCount "53"]
[EventDate "2010.??.??"]

1. e4 b6 2. d4 Bb7 3. Nc3 e6 4. Bd3 Nf6 5. Bg5 h6 6. Bh4 Be7 7. Nge2 d6 8. Qd2
Nbd7 9. O-O-O c5 10. f3 O-O 11. g4 cxd4 12. Nxd4 Nc5 13. Bg3 Nxd3+ 14. Qxd3 a6
15. h4 Nd7 16. Kb1 b5 17. Rdg1 Ne5 18. Qd2 b4 19. Nd1 a5 20. Bf2 Nc4 21. Qc1
Bf6 22. g5 hxg5 23. hxg5 Bxd4 24. Bxd4 e5 25. Rh2 exd4 26. Rgh1 f6 27. g6 1-0

[Event "Hessische EM 2010, D-Turnier"]
[Site "Bad Vilbel"]
[Date "2010.04.03"]
[Round "4"]
[White "Struth, Jürgen"]
[Black "Krischak, Werner"]
[Result "0-1"]
[WhiteElo "1625"]
[BlackElo "1827"]
[PlyCount "82"]
[EventDate "2010.??.??"]

1. e4 c6 2. d4 d5 3. exd5 cxd5 4. Bd3 Nc6 5. c3 Nf6 6. Bf4 e6 7. Nf3 Bd6 8. Ne5
Qc7 9. Qe2 O-O 10. O-O b6 11. Nd2 Bb7 12. Ndf3 Ne7 13. Qc2 Ng6 14. Nxg6 hxg6
15. Bxd6 Qxd6 16. Ne5 Rac8 17. Rfe1 Rc7 18. Re3 Rfc8 19. Rae1 Re8 20. Rh3 Ne4
21. f3 Nf6 22. Qd2 Qd8 23. Qf4 Nh7 24. Rg3 g5 25. Bxh7+ Kxh7 26. Rxg5 f6 27.
Rh5+ Kg8 28. Ng6 Kf7 29. Nh4 Bc8 30. Qg3 Rg8 31. Qg6+ Ke7 32. Rh7 Kd6 33. Qg3+
Kc6 34. Ng6 Qe8 35. Nf4 Re7 36. Nh5 Qf8 37. b3 e5 38. dxe5 Bf5 39. Nxf6 gxf6
40. Qf4 Bxh7 41. Qa4+ Kb7 0-1

[Event "Hessische EM 2010, D-Turnier"]
[Site "Bad Vilbel"]
[Date "2010.04.03"]
[Round "4"]
[White "Mulch, Till"]
[Black "Hagenberg, Hans-Joachim"]
[Result "1/2-1/2"]
[WhiteElo "1928"]
[BlackElo "1667"]
[PlyCount "62"]
[EventDate "2010.??.??"]

1. e4 e6 2. d4 d5 3. Nc3 dxe4 4. Nxe4 Bd7 5. Nf3 Bc6 6. Bd3 Nd7 7. Qe2 Ngf6 8.
Bg5 Be7 9. h4 Bxe4 10. Bxe4 Nxe4 11. Qxe4 c6 12. O-O h6 13. Bd2 g5 14. hxg5
hxg5 15. g3 Rh6 16. c4 f5 17. Qe2 Kf7 18. Kg2 Nf8 19. Rh1 Rxh1 20. Rxh1 g4 21.
Ne5+ Kg7 22. Qe3 Bf6 23. Qh6+ Kg8 24. Bg5 Bg7 25. Bxd8 Bxh6 26. Bf6 Bg7 27.
Bxg7 Kxg7 28. Rd1 Rd8 29. f3 Ng6 30. Nxg6 Kxg6 31. f4 b6 1/2-1/2

[Event "Hessische EM 2010, D-Turnier"]
[Site "Bad Vilbel"]
[Date "2010.04.03"]
[Round "4"]
[White "Schellen, Sven"]
[Black "Mattusch, Ralf"]
[Result "0-1"]
[WhiteElo "1644"]
[BlackElo "1574"]
[PlyCount "116"]
[EventDate "2010.??.??"]

1. d4 d5 2. Nf3 c6 3. c3 Nf6 4. Bf4 h6 5. e3 Bf5 6. h3 e6 7. Be2 Bd6 8. Ne5 Qc7
9. Nd2 Nbd7 10. Ndf3 Be4 11. Nxd7 Nxd7 12. Bxd6 Qxd6 13. Qb3 b6 14. c4 O-O 15.
Nd2 Bxg2 16. Rg1 Bxh3 17. e4 Qh2 18. O-O-O Bg2 19. cxd5 cxd5 20. f3 Rac8+ 21.
Kb1 dxe4 22. Nxe4 Rfd8 23. Qe3 Nf8 24. Ba6 Bxf3 25. Qxf3 Rc2 26. Nc3 Rd5 27.
Be2 Rxe2 28. Nxe2 Rf5 29. Qc3 Qxe2 30. d5 Qe5 31. dxe6 Qxc3 32. exf7+ Rxf7 33.
bxc3 g5 34. Rd6 Kg7 35. Rh1 Ng6 36. Kb2 Re7 37. a4 Re2+ 38. Kb3 Re4 39. a5 bxa5
40. c4 a4+ 41. Kb4 Ne5 42. Kc5 Nxc4 43. Rd7+ Kg6 44. Kd5 Nb6+ 45. Kxe4 Nxd7 46.
Rd1 Nc5+ 47. Kf3 a5 48. Kg4 h5+ 49. Kh3 g4+ 50. Kh4 Ne4 51. Rd4 Kf5 52. Rxa4
Kf4 53. Rxa5 g3 54. Ra1 Kf3 55. Rg1 Kf2 56. Rd1 g2 57. Rd4 g1=Q 58. Rxe4 Qh1+
0-1

[Event "Hessische EM 2010, D-Turnier"]
[Site "Bad Vilbel"]
[Date "2010.04.03"]
[Round "4"]
[White "Martens, Nick"]
[Black "Jordake, Michael"]
[Result "1-0"]
[WhiteElo "1506"]
[BlackElo "1643"]
[PlyCount "101"]
[EventDate "2010.??.??"]

1. f4 d5 2. Nf3 Nc6 3. e3 Bg4 4. h3 Bxf3 5. Qxf3 e6 6. Bb5 Nge7 7. b3 a6 8. Be2
Nf5 9. Bb2 Qh4+ 10. Qf2 Qxf2+ 11. Kxf2 d4 12. e4 Bc5 13. Bd3 Nh4 14. g3 Ng6 15.
Ba3 Nb4 16. Bxb4 Bxb4 17. a3 Bc5 18. b4 Ba7 19. a4 O-O 20. Na3 c5 21. b5 Bb8
22. Nc4 Bc7 23. b6 Bd8 24. Rhb1 Ne7 25. Ne5 Rc8 26. a5 f5 27. Bc4 Rf6 28. d3
Kh8 29. Nf3 fxe4 30. dxe4 Nc6 31. e5 Rf8 32. Bxe6 Rb8 33. h4 Be7 34. Ke2 h6 35.
Nd2 Rbd8 36. Bc4 Nb4 37. Rb2 Bxh4 38. gxh4 Rxf4 39. Rh1 Nc6 40. e6 Nxa5 41. Ba2
Nc6 42. Rb3 Nb4 43. Ra3 Nxc2 44. Rf3 d3+ 45. Kf2 Rxf3+ 46. Kxf3 Na3 47. e7 Re8
48. Re1 g6 49. Bf7 Nc2 50. Re4 Nd4+ 51. Kf2 1-0

[Event "Hessische EM 2010, D-Turnier"]
[Site "Bad Vilbel"]
[Date "2010.04.03"]
[Round "4"]
[White "Kilian, Peter"]
[Black "Euler, Uli"]
[Result "1-0"]
[WhiteElo "1663"]
[BlackElo "1529"]
[PlyCount "84"]
[EventDate "2010.??.??"]

1. d4 Nf6 2. c4 g6 3. Nc3 Bg7 4. Nf3 d6 5. e4 Bg4 6. Be2 O-O 7. O-O Nc6 8. d5
Bxf3 9. Bxf3 Ne5 10. Be2 Ned7 11. Be3 e5 12. b4 Ne8 13. Qd2 f5 14. exf5 Rxf5
15. Bg4 Rf8 16. Be6+ Kh8 17. Ne4 Nef6 18. Ng5 Qe7 19. Bxd7 Nxd7 20. Ne6 Rfc8
21. Rae1 Nf8 22. Bg5 Bf6 23. Bxf6+ Qxf6 24. f4 Nxe6 25. fxe5 Qg5 26. Qxg5 Nxg5
27. h4 dxe5 28. hxg5 Rf8 29. Rxe5 Rxf1+ 30. Kxf1 Rf8+ 31. Ke2 Kg7 32. Re7+ Rf7
33. Rxf7+ Kxf7 34. Ke3 Ke7 35. Ke4 Kd7 36. Ke5 Ke7 37. a4 a6 38. a5 b6 39. axb6
cxb6 40. d6+ Kd7 41. Kd5 a5 42. bxa5 bxa5 1-0

[Event "Hessische EM 2010, D-Turnier"]
[Site "Bad Vilbel"]
[Date "2010.04.03"]
[Round "4"]
[White "Rüll, Michael"]
[Black "Kuhnigk, Thomas"]
[Result "0-1"]
[WhiteElo "1778"]
[BlackElo "1680"]
[PlyCount "69"]
[EventDate "2010.??.??"]

1. e4 d5 2. exd5 Nf6 3. c4 e6 4. dxe6 Bxe6 5. Nf3 Qe7 6. Be2 Nc6 7. O-O O-O-O
8. b3 Rg8 9. Bb2 g5 10. Ne5 Nd4 11. Nc3 c6 12. Re1 Qc7 13. Bg4 Nxg4 14. Nxg4 h5
15. Nf6 Rg6 16. Nxh5 Bd6 17. Ng3 Qd7 18. Nce2 Nxe2+ 19. Nxe2 Bg4 20. f3 Bf5 21.
d4 Rh6 22. Ng3 g4 23. d5 gxf3 24. Qxf3 Bc5+ 25. Kh1 Bg4 26. Qe4 Bf2 27. dxc6
bxc6 28. Qe7 Bxg3 29. Qxd7+ Rxd7 30. Re8+ Kb7 31. Kg1 Bxh2+ 32. Kf1 Re6 33. Re1
Rd1 34. R8xe6 fxe6 35. Rxd1 0-1

[Event "Hessische EM 2010, D-Turnier"]
[Site "Bad Vilbel"]
[Date "2010.04.03"]
[Round "4"]
[White "Bachmann, Nick"]
[Black "Traut, Stefan"]
[Result "1-0"]
[WhiteElo "1675"]
[BlackElo "1825"]
[PlyCount "33"]
[EventDate "2010.??.??"]

1. e4 c5 2. c3 d5 3. exd5 Qxd5 4. d4 Nc6 5. Nf3 Bg4 6. Be2 e6 7. O-O Nf6 8. Be3
cxd4 9. cxd4 a6 10. Nc3 Qd8 11. a3 Be7 12. Qb3 Rb8 13. Rad1 O-O 14. h3 Bh5 15.
d5 Nxd5 16. Nxd5 exd5 17. Rxd5 1-0

[Event "Hessische EM 2010, D-Turnier"]
[Site "Bad Vilbel"]
[Date "2010.04.03"]
[Round "4"]
[White "Hahlbeck, Sven"]
[Black "Voellinger, Florian"]
[Result "1/2-1/2"]
[WhiteElo "1887"]
[BlackElo "1534"]
[PlyCount "69"]
[EventDate "2010.??.??"]

1. d4 d5 2. Nf3 Nf6 3. Bg5 Nbd7 4. e3 e6 5. Bd3 c5 6. c3 Bd6 7. Nbd2 Qc7 8. Qe2
a6 9. a4 b6 10. O-O Bb7 11. e4 dxe4 12. Nxe4 Nxe4 13. Bxe4 Bxe4 14. Qxe4 O-O
15. h3 Rac8 16. Rad1 b5 17. axb5 axb5 18. Ra1 Nb6 19. Ra6 Na4 20. Qe2 Rb8 21.
Be3 Rfd8 22. dxc5 Bxc5 23. Bxc5 Nxc5 24. Raa1 Nd3 25. Rfd1 Qc4 26. Nd4 Nf4 27.
Qf3 Nd5 28. Ra7 Rf8 29. Qg3 Rb6 30. Re1 Nf6 31. Re7 g6 32. Ra1 b4 33. Raa7 bxc3
34. bxc3 Nd5 35. Red7 1/2-1/2

[Event "Hessische EM 2010, D-Turnier"]
[Site "Bad Vilbel"]
[Date "2010.04.03"]
[Round "4"]
[White "Becker, Natalie"]
[Black "Noblé, Daniel"]
[Result "1-0"]
[WhiteElo "1795"]
[BlackElo "1647"]
[PlyCount "91"]
[EventDate "2010.??.??"]

1. c4 e6 2. Nc3 f5 3. g3 d5 4. cxd5 exd5 5. d4 Nf6 6. Bg2 Be7 7. Nf3 O-O 8. O-O
Be6 9. Ng5 Qd7 10. Nxe6 Qxe6 11. Qb3 c6 12. Qxb7 Nbd7 13. Bf4 Nb6 14. Qa6 Ne4
15. Nxe4 fxe4 16. Rac1 Qd7 17. b3 Rac8 18. Rc2 h6 19. Rfc1 Rf6 20. Be5 Rg6 21.
e3 h5 22. h4 Rh6 23. Bf4 g5 24. hxg5 Rg6 25. Qf1 Qb7 26. Qe2 Bxg5 27. Qxh5 Qg7
28. Bxg5 Rxg5 29. Qe2 Qb7 30. Bh3 Rc7 31. Qd2 Nc8 32. Qc3 Nd6 33. Qc5 Nf5 34.
Bxf5 Rxf5 35. Qd6 Rcf7 36. Qg6+ Kf8 37. Rxc6 Rxf2 38. Rc8+ Ke7 39. R1c7+ Qxc7
40. Rxc7+ Kf8 41. Rxf7+ Rxf7 42. Qd6+ Kg7 43. Qxd5 a5 44. Qxe4 a4 45. bxa4 Rc7
46. Qe5+ 1-0

[Event "Hessische EM 2010, D-Turnier"]
[Site "Bad Vilbel"]
[Date "2010.04.03"]
[Round "4"]
[White "Falkenhainer, Sven"]
[Black "Stoll, Ulrich"]
[Result "1/2-1/2"]
[WhiteElo "1595"]
[BlackElo "1609"]
[PlyCount "38"]
[EventDate "2010.??.??"]

1. e4 d5 2. exd5 Qxd5 3. Nc3 Qd6 4. Nf3 a6 5. g3 Nf6 6. Bg2 g6 7. O-O Bg7 8. d3
O-O 9. Re1 Nc6 10. a3 Bg4 11. Bg5 Nd4 12. h3 Nxf3+ 13. Bxf3 Bxf3 14. Qxf3 c6
15. Rab1 Rfe8 16. Re2 h6 17. Bxf6 Qxf6 18. Qxf6 Bxf6 19. Ne4 Bd4 1/2-1/2

[Event "Hessische EM 2010, D-Turnier"]
[Site "Bad Vilbel"]
[Date "2010.04.03"]
[Round "4"]
[White "Reichel, Rolf"]
[Black "Bachmann, Björn"]
[Result "1-0"]
[WhiteElo "1669"]
[BlackElo "1534"]
[PlyCount "81"]
[EventDate "2010.??.??"]

1. e4 d6 2. d4 Nf6 3. Bd3 g6 4. Nf3 Bg7 5. Nc3 Bg4 6. h3 Bxf3 7. Qxf3 Nc6 8.
Bb5 O-O 9. Bxc6 bxc6 10. Be3 Rb8 11. b3 c5 12. Rd1 cxd4 13. Bxd4 a5 14. O-O Qc8
15. Bxf6 exf6 16. Rd5 Ra8 17. Rfd1 Re8 18. Qd3 Re7 19. a4 Qe8 20. Qd2 Qc6 21.
Rd3 Re5 22. Rd5 Ree8 23. Rd4 Re5 24. Rc4 Rc5 25. Rxc5 Qxc5 26. Qd5 Qxd5 27.
Nxd5 Bf8 28. Nxf6+ Kg7 29. Nd5 c5 30. Nc7 Rc8 31. Nb5 Kg8 32. Kf1 c4 33. Ke2
cxb3 34. cxb3 Rc2+ 35. Rd2 Rc6 36. Kd3 Kg7 37. Rc2 Rc5 38. Rxc5 dxc5 39. Kc4 f6
40. Nc7 Kf7 41. Na6 1-0

[Event "Hessische EM 2010, D-Turnier"]
[Site "Bad Vilbel"]
[Date "2010.04.03"]
[Round "4"]
[White "Koch, Norbert"]
[Black "Kalmann, Max"]
[Result "1-0"]
[WhiteElo "1662"]
[BlackElo "1531"]
[PlyCount "79"]
[EventDate "2010.??.??"]

1. e4 e5 2. Nc3 c5 3. Bc4 d6 4. d3 Nf6 5. Bg5 Be6 6. Bb3 Be7 7. Nf3 Nc6 8. Qd2
a6 9. Bd5 Bxd5 10. Nxd5 Nxd5 11. exd5 Bxg5 12. Nxg5 Ne7 13. c4 h6 14. Nf3 f5
15. O-O O-O 16. a3 Ng6 17. b4 b6 18. Qc2 Qf6 19. Rab1 Rab8 20. Rb2 Nh4 21. Nxh4
Qxh4 22. Qa4 Qd4 23. Qc2 f4 24. bxc5 f3 25. gxf3 Rxf3 26. Kh1 Rxd3 27. cxd6
Qe4+ 28. f3 Qd4 29. Rg1 e4 30. fxe4 Qxe4+ 31. Qg2 Qd4 32. Re2 Rf8 33. Re7 Rf7
34. Re8+ Rf8 35. d7 Qf6 36. Rf1 Rd1 37. Rxd1 Qd6 38. Rf1 Qxd7 39. Rfxf8+ Kh7
40. Rh8# 1-0

[Event "Hessische EM 2010, D-Turnier"]
[Site "Bad Vilbel"]
[Date "2010.04.03"]
[Round "4"]
[White "Jöckel, Thomas"]
[Black "Reichel, Günther"]
[Result "1-0"]
[WhiteElo "1613"]
[BlackElo "1730"]
[PlyCount "65"]
[EventDate "2010.??.??"]

1. e4 c5 2. Nf3 Nc6 3. d4 cxd4 4. Nxd4 d6 5. Nc3 g6 6. Be3 Bg7 7. Nxc6 bxc6 8.
Bd4 Nf6 9. Bc4 c5 10. Bxc5 Qc7 11. Bb5+ Kf8 12. Bd4 a6 13. Ba4 Rb8 14. Bb3 Bb7
15. f3 e5 16. Be3 Ke7 17. O-O Rhd8 18. Qd2 Nd7 19. Qd5 Rf8 20. Rad1 Nc5 21.
Bxc5 Qxc5+ 22. Qxc5 dxc5 23. Bd5 Bc8 24. b3 Bh6 25. Rfe1 a5 26. Na4 Rd8 27.
Nxc5 Rb6 28. Na4 Rbd6 29. c4 f5 30. exf5 gxf5 31. Rxe5+ Kf6 32. Re2 Ba6 33.
Rde1 1-0

[Event "Hessische EM 2010, D-Turnier"]
[Site "Bad Vilbel"]
[Date "2010.04.03"]
[Round "4"]
[White "Tautz, Jonas"]
[Black "Riha, Peter"]
[Result "0-1"]
[WhiteElo "1564"]
[BlackElo "1821"]
[PlyCount "76"]
[EventDate "2010.??.??"]

1. e4 e5 2. Nf3 Nc6 3. Bb5 a6 4. Ba4 d6 5. d4 b5 6. Bb3 Nxd4 7. Nxd4 exd4 8.
Qxd4 c5 9. Qd5 Be6 10. Qc6+ Bd7 11. Qd5 c4 12. Bxc4 bxc4 13. Qxc4 Nf6 14. Nc3
Be7 15. Bf4 O-O 16. Rd1 Be6 17. Qc6 Bd7 18. Qc4 Qb6 19. Qb3 Qxb3 20. axb3 Bc6
21. f3 Rfd8 22. O-O d5 23. e5 Bc5+ 24. Kh1 Ne8 25. Rd2 Nc7 26. Rfd1 Ne6 27. Bg3
Be3 28. Re2 d4 29. Na4 Bb5 30. Ree1 Rac8 31. c3 Bg5 32. c4 Bxa4 33. bxa4 Rxc4
34. b3 Rc3 35. Rb1 Rdc8 36. Red1 Rc1 37. Rdxc1 Rxc1+ 38. Rxc1 Bxc1 0-1

[Event "Hessische EM 2010, D-Turnier"]
[Site "Bad Vilbel"]
[Date "2010.04.03"]
[Round "4"]
[White "El-Lawindy, Asem"]
[Black "Bodensohn, Markus"]
[Result "0-1"]
[WhiteElo "1533"]
[BlackElo "1616"]
[PlyCount "80"]
[EventDate "2010.??.??"]

1. e4 d6 2. d4 Nf6 3. Nc3 g6 4. Nf3 Bg7 5. Bd3 O-O 6. Bg5 h6 7. Be3 Nbd7 8. Qd2
Kh7 9. h3 e5 10. dxe5 Nxe5 11. Nxe5 dxe5 12. g4 c6 13. O-O-O Be6 14. f3 Qc7 15.
Kb1 Rfd8 16. h4 h5 17. Bg5 Rg8 18. Bxf6 Bxf6 19. gxh5 gxh5 20. f4 Bg4 21. Rdf1
Rg7 22. f5 Qe7 23. Qf2 b6 24. Rfg1 Rag8 25. Be2 Bxe2 26. Rxg7+ Rxg7 27. Nxe2
Rg4 28. Qf3 Bxh4 29. f6 Qxf6 30. Qxf6 Bxf6 31. Rxh5+ Kg6 32. Rh1 Rxe4 33. Rg1+
Bg5 34. Nc3 Rd4 35. a4 e4 36. b3 e3 37. Ne2 Rd2 38. Nf4+ Kf5 39. Nd3 e2 40. Nf2
Be3 0-1

[Event "Hessische EM 2010, D-Turnier"]
[Site "Bad Vilbel"]
[Date "2010.04.03"]
[Round "4"]
[White "Babel, Dirk"]
[Black "Hastenrath, Teja"]
[Result "1-0"]
[WhiteElo "1557"]
[BlackElo "1674"]
[PlyCount "70"]
[EventDate "2010.??.??"]

1. e4 e6 2. d4 d5 3. exd5 exd5 4. Bf4 Nf6 5. Bd3 Be7 6. Nf3 O-O 7. O-O Bg4 8.
Nbd2 c6 9. c3 Nbd7 10. Qc2 Re8 11. h3 Bh5 12. Rae1 Nf8 13. Ne5 N6d7 14. Ndf3
Nxe5 15. Rxe5 Bg6 16. Rfe1 Bxd3 17. Qxd3 Ng6 18. Rh5 h6 19. Bh2 Bf6 20. Ne5
Nxe5 21. dxe5 Qb6 22. Re2 Bg5 23. h4 g6 24. hxg5 gxh5 25. gxh6 Re6 26. h7+ Kh8
27. Qf5 Rf8 28. Qxh5 c5 29. Bf4 f6 30. Qg6 f5 31. Qh5 Qc7 32. Qf3 Rd8 33. Bg5
Rd7 34. Bf6+ Rxf6 35. exf6 Rxh7 1-0

[Event "Hessische EM 2010, D-Turnier"]
[Site "Bad Vilbel"]
[Date "2010.04.03"]
[Round "4"]
[White "Brueckner, Ewald"]
[Black "Lietz, Helmuth"]
[Result "0-1"]
[WhiteElo "1546"]
[BlackElo "1608"]
[PlyCount "146"]
[EventDate "2010.??.??"]

1. f4 g6 2. Nf3 Bg7 3. d4 f5 4. e3 Nf6 5. c3 b6 6. Be2 Bb7 7. O-O O-O 8. Ne5 d6
9. Bf3 Bxf3 10. Qxf3 Ne4 11. Nc4 Nd7 12. Nbd2 Nxd2 13. Nxd2 e5 14. Qd5+ Kh8 15.
fxe5 dxe5 16. e4 fxe4 17. Rxf8+ Nxf8 18. Qxd8 Rxd8 19. Nxe4 Ne6 20. Bg5 Nxg5
21. Nxg5 Kg8 22. Ne6 Rd7 23. Nxg7 Kxg7 24. dxe5 Kf7 25. Re1 Ke6 26. Kf2 Rf7+
27. Kg3 Rf5 28. h4 h5 29. Re2 c5 30. c4 Rxe5 31. Rxe5+ Kxe5 32. Kf3 Kf5 33. g3
a6 34. b3 a5 35. a4 Ke5 36. g4 Kd4 37. gxh5 gxh5 38. Kf4 Kc3 39. Kg5 Kxb3 40.
Kxh5 Kxc4 41. Kg6 Kb4 42. h5 c4 43. h6 c3 44. h7 c2 45. h8=Q c1=Q 46. Qd4+ Qc4
47. Qxb6+ Kxa4 48. Qb1 Qc3 49. Qa2+ Kb4 50. Qb1+ Ka3 51. Qf5 a4 52. Qf8+ Kb2
53. Qb8+ Ka1 54. Qa7 a3 55. Qg1+ Ka2 56. Qg2+ Qb2 57. Qd5+ Ka1 58. Kg5 Kb1 59.
Kg4 Qe2+ 60. Kg3 a2 61. Qb3+ Kc1 62. Qc3+ Qc2 63. Qe1+ Kb2 64. Kg4 a1=Q 65.
Qe5+ Qc3 66. Qb5+ Kc2 67. Qf5+ Kb3 68. Kh5 Qd1+ 69. Kh6 Qh8+ 70. Kg5 Qd2+ 71.
Kg4 Qe2+ 72. Kg3 Qg7+ 73. Kh4 Qe1+ 0-1